La zona arqueológica de Tecaxic-Calixtlahuaca y los Matlatzincas (Record no. 10069)
[ view plain ]
| 000 -CABECERA | |
|---|---|
| campo de control de longitud fija | 01126nam a2200277 a 4500 |
| 001 - NÚMERO DE CONTROL | |
| campo de control | BRL_1257 |
| 005 - FECHA Y HORA DE LA ÚLTIMA TRANSACCIÓN | |
| campo de control | 20190320211120.0 |
| 008 - DATOS DE LONGITUD FIJA--INFORMACIÓN GENERAL | |
| campo de control de longitud fija | 061213s1936----mx-ab#####---#000-0#spa-# |
| 041 ## - CÓDIGO DE LENGUA | |
| Código de lengua del texto/banda sonora o título independiente | spa |
| 044 ## - CÓDIGO DEL PAÍS DE LA ENTIDAD EDITORA/PRODUCTORA | |
| Código MARC del país | mx |
| 050 #4 - SIGNATURA TOPOGRÁFICA DE LA BIBLIOTECA DEL CONGRESO | |
| Número de clasificación | F1219 |
| Número de documento/Ítem | .G37 1936 |
| 100 1# - ENTRADA PRINCIPAL--NOMBRE DE PERSONA | |
| Nombre de persona | García Payón, José |
| Fechas asociadas al nombre | 1896-1977 |
| 9 (RLIN) | 23862 |
| 245 10 - MENCIÓN DE TÍTULO | |
| Título | La zona arqueológica de Tecaxic-Calixtlahuaca y los Matlatzincas |
| Mención de responsabilidad, etc. | por José García Payón. |
| 260 ## - PUBLICACIÓN, DISTRIBUCIÓN, ETC. | |
| Lugar de publicación, distribución, etc. | México |
| Nombre del editor, distribuidor, etc. | Talleres Gráficos de la Nación |
| Fecha de publicación, distribución, etc. | 1936 |
| 300 ## - DESCRIPCIÓN FÍSICA | |
| Extensión | v. |
| Otras características físicas | il., mapas plegables |
| Dimensiones | 24 cm. |
| 500 ## - NOTA GENERAL | |
| Nota general | ej.1 v.1 Au1437 ; ej.2 v.1 Au611 |
| 500 ## - NOTA GENERAL | |
| Nota general | La biblioteca cuenta con 2 ejemplares |
| 500 ## - NOTA GENERAL | |
| Nota general | Estado físico: El ejemplar 1 tiene la portada desprendida de la parte sueperior e inferior. |
| 500 ## - NOTA GENERAL | |
| Nota general | A la cabeza de la portada: Secretaria de Educacion Publica. Departamento de Monumentos |
| 650 14 - PUNTO DE ACCESO ADICIONAL DE MATERIA--TÉRMINO DE MATERIA | |
| Término de materia o nombre geográfico como elemento de entrada | Matlatzincas |
| Subdivisión general | Antigüedades |
| 9 (RLIN) | 26292 |
| 650 14 - PUNTO DE ACCESO ADICIONAL DE MATERIA--TÉRMINO DE MATERIA | |
| Término de materia o nombre geográfico como elemento de entrada | Matlatzincas |
| Subdivisión de forma | Bibliografía |
| Subdivisión general | Lenguaje y lenguas |
| 9 (RLIN) | 26293 |
| 650 14 - PUNTO DE ACCESO ADICIONAL DE MATERIA--TÉRMINO DE MATERIA | |
| Término de materia o nombre geográfico como elemento de entrada | Indígenas de México |
| Subdivisión general | Antigüedades |
| 9 (RLIN) | 509 |
| 651 #4 - PUNTO DE ACCESO ADICIONAL DE MATERIA--NOMBRE GEOGRÁFICO | |
| Nombre geográfico | Tecaxic, Calixtlahuaca (México : Estado) |
| Subdivisión general | Antigüedades |
| 9 (RLIN) | 26294 |
| 902 ## - CATALOGADOR | |
| Iniciales | GRL |
| 942 ## - ELEMENTOS DE PUNTO DE ACCESO ADICIONAL (KOHA) | |
| Fuente del sistema de clasificación o colocación | Library of Congress Classification |
| Tipo de ítem Koha | Libros |
| Estado de retiro | Estado de pérdida | Estado dañado | No para préstamo | Localización permanente | Ubicación/localización actual | Fecha de adquisición | Total de préstamos | Signatura topográfica completa | Código de barras | Fecha visto por última vez | Precio válido a partir de | Tipo de ítem Koha |
|---|---|---|---|---|---|---|---|---|---|---|---|---|
| El ejemplar forma parte de la colección y puede ser consultado según las políticas vigentes. | Biblioteca Centro de Estudios Ruth D. Lechuga | Biblioteca Centro de Estudios Ruth D. Lechuga | 11/11/2015 | F1219 .G37 1936 | GRL00627 | 22/03/2019 | 22/03/2019 | Libros | ||||
| El ejemplar forma parte de la colección y puede ser consultado según las políticas vigentes. | Biblioteca Centro de Estudios Ruth D. Lechuga | Biblioteca Centro de Estudios Ruth D. Lechuga | 06/12/2013 | F1219 .G37 1936 | GRL01376 | 22/03/2019 | 22/03/2019 | Libros |